00889nam a22002537a 4500952014500000999001700145001000600162003001000168005001700178008004100195020001800236040004700254041000800301082001900309100002900328245010000357250000600457264006200463300001500525336002700540337003300567338002800600942000700628 001040708GENaFUSBCbFUSBCd2006-08-16l22m14oG 227.7 S6986c p16216r2025-07-22 00:00:00s2025-03-20t1w2016-01-26yBKB0C3IINV2023 c42843d4284313910CO-MdFUSB20180622073150.0180413t1973 xxu||||| |||| 00| 0 spa d a0-311-04340-2 aCO-MdFUSBbspacCO-MdFUSBdCO-MdFUSBCerda0 aspa04aG 227.7 S6986c1 aSonger, Harold S.eautor10aColosensesb : íCristo la plenitud! c/ Harold S. Songer ; Federico A. P. Mariotti, Traductor a3 4aEl Paso, TX. : bCasa Bautista de Publicaciones,c©1973 a142 Pág. 2rdacontentatextobtxt 2rdamediaasin mediaciónbn 2rdacarrieravolumenbnc cBK